03767nam a2200565Ia 4500001000400000008004100004010000800045041001400053082001400067245017600081260002000257300000700277520000700284630002300291630001200314630002700326630002400353630002400377650001600401690001400417700003200431700003100463700003100494901007100525902000600596903004000602904001800642905003600660906000600696907001400702908001400716909005100730910001500781911001000796912001400806913000900820914002400829915001900853916000900872917000900881918001400890919003200904520220800936921000703144922000703151923000603158924001403164942001003178999001303188715241029s9999 xx 000 0 und d a643 aEspañol aNO APLICA 0aEstrategia para la integración de la Escuela Básica Ángela Núñez Fernández con la familia y la comunidad de Madre Vieja Norte del Municipio de San Cristóbal. aSan Cristóbal a58 a18 aActores Educativos aAportes aAsociaciones de Padres aComunidad Educativa aConvivencia Escolar aEducación aElaborado easesoraDíaz, Luis Amaury eautoraÁlvarez , Anita eautoraRosa Brito, Amarily a{"1":"Álvarez ","2":"Rosa Brito"}b{"1":"Anita","2":"Amarily"} a1 a{"1":"Díaz"}b{"1":"Luis Amaury"} aMaestría en aGestión de Centros Educativos a2 aNO APLICA aNO APLICA aUniversidad Autónoma de Santo Domingo (UASD) aNULLbNULL a["1"] aNO APLICA aNULL a03 de Junio de 2013 a21/12/19 01:12 aNULL aNULL aNO APLICA a["7","214","23","45","239"] aEl propósito principal de este estudio consistió en presentar una propuesta de intervención de los actores de dicho centro educativo para fortalecer sus vínculos con la comunidad, plantear un marco estratégico de gestión a ejecutar por la Escuela Básica Ángela Núñez Fernández tendiente a fortalecer sus vínculos con la familia y la comunidad a la que pertenece. La investigación de este estudio fue de corte cualitativo cuantitativo, con el uso del método descriptivo, estadístico-analítico. Se trabajó con una población de 50 personas al azar simple, ubicados en sus hogares con el auxilio de sus hijos que cursan estudios en la institución. Las técnicas aplicadas para este estudio consistieron en la observación de la escuela, su entorno y la comunidad; revisión de material bibliográfico y consultas a la página web. Se utilizó un cuestionario como instrumento. Los análisis realizados indican que de la muestra seleccionada, solamente una parte no muy considerada de ella, participa en actividades que realiza el centro educativo; y cuando lo hace, es por cuestiones muy puntuales que tienen que ver con el comportamiento escolar de sus hijos. Los/as niños/as provienen de familias cuyos padres son relativamente jóvenes, con una edad de 36 años, cuyos tutores son mayormente mujeres. De las preguntas realizadas en el cuestionario aplicado a los padres y madres de los alumnos solamente asisten a la escuela en menor cantidad de veces, la gran mayoría nunca o a veces asiste al centro educativo. El segmento poblacional que más participa en las actividades de la escuela es el que no llegó a terminar el nivel básico de ellos.El estudio propone que la escuela tiene que mantener una armonía entre todos los actores del proceso educativo; para poder desarrollar los programas de integración con la escuela, familia y comunidad. La familia tiene que jugar un papel preponderante junto a la escuela y comunidad, y promover todos los actores del proceso. Con su papel protagónico en ella se podrá alcanzar un avance por etapas, es la llamada a controlar a los estudiantes, familias y controlar el éxito de toda la comunidad. a16 a16 a0 aNO APLICA cTesis c643d643